| 000 | 00398nam a2200133Ia 4500 | ||
|---|---|---|---|
| 008 | 211109s9999||||xx |||||||||||||| ||und|| | ||
| 082 |
_a894.8123 _bSUR-N |
||
| 100 | _aSurenderan, K | ||
| 245 | 0 | _aNovalswaroopam | |
| 260 |
_bNATIONAL BOOKSTALL _aKottayam _c1978 |
||
| 630 | _xGeneral Stack | ||
| 650 |
_aMalayalam Literature _vMalayalam FictionMalayalam NovelShort Stories _xMalayalam |
||
| 942 | _cBOOK | ||
| 999 |
_c32178 _d32178 |
||